Market segmentation : theoretical and empirical dimensions /
Saved in:
| Main Author: | |
|---|---|
| Format: | Book |
| Language: | English |
| Published: |
Bergen :
Universitetsforlaget,
1974.
|
| Subjects: | |
| Tags: |
Add Tag
No Tags, Be the first to tag this record!
|
| LEADER | 00896nam a2200253 a 4500 | ||
|---|---|---|---|
| 001 | 004426257-4 | ||
| 005 | 20020606095253.2 | ||
| 008 | 850409s1974 no fa b 000 0 eng | ||
| 010 | |a 84190831 | ||
| 020 | |a 8200093344 (pbk.) | ||
| 035 | 0 | |a ocm01318235 | |
| 040 | |a DLC |c DLC |d HBS | ||
| 050 | 0 | |a HF5415.127 |b .A76 1974 | |
| 082 | 0 | |a 658.8/35 |2 19 | |
| 100 | 1 | |a Arndt, Johan. | |
| 245 | 1 | 0 | |a Market segmentation : |b theoretical and empirical dimensions / |c by Johan Arndt. |
| 260 | |a Bergen : |b Universitetsforlaget, |c 1974. | ||
| 300 | |a 71 p., [1] folded leaf of plates : |b ill. ; |c 21 cm. | ||
| 500 | |a At head of title: Fondet for markeds- og distribusjonsforskning. | ||
| 504 | |a Bibliography: p. [63]-71. | ||
| 650 | 0 | |a Market segmentation. | |
| 776 | 0 | 8 | |i Online version: |a Arndt, Johan. |t Market segmentation. |d Bergen : Universitetsforlaget, 1974 |w (OCoLC)988234268 |
| 988 | |a 20020608 | ||
| 906 | |0 DLC | ||


